LEADER 00787nam a2200205 i 4500 001 000000225136 003 CaOOAMICUS 005 20131121000000.0 008 131121s1818 xx u000 u fre u 013 $a204035 026 $an-es ueen ende such (3) 1818 (A) 040 $aSeMil$bita 245 10$aTome 3. 300 $a[4], 312 p. 773 0 $aAzaïs, Hyacinthe$tDes compensations dans les destinées humaines ... par H. Azais. Tome 1. [-3.].$dParis : Chez Béchet : et chez Ledoux et Tenré, 1818.$bTroisième édition, revue, corrigée et augmentée.$g3$w()18541 850 $aSeMil 852 $aSeMil$W1$xVenegono$y1$m2P III 80 FA$j175482$B175482$CSeMilBibl$Z2$F185526 $8I 941 1 $a10 961 $aRecupero: Mantegazza 996 $6245$aTome 3$9(OLS)http://semarc/title/1575 LEADER 01132nam a2200289 i 4500 001 000000120234 003 CaOOAMICUS 005 20031114000000.0 008 031114s1993 it u000 u ita u 013 $a92928 020 $a88-7357-117-4 040 $aSeMil$bita 100 1 $aLavra, Michele,$c.$0(OLS)http://semarc/name/49662 245 10$aCredere per vivere in pienezza :$btemi di catechesi per adulti /$cMichele Lavra. 260 $aRoma :$bAdP,$ccopyr. 1993. 300 $a114 p. ;$c21 cm. 490 0 $aFormazione ;$v2 500 $aFondo Card. C.M. Martini. 650 4$aCatechesi [per] adulti.$0(OLS)http://semarc/subject/3455 830 0$aFormazione ;$v2.$0(OLS)http://semarc/title/431646 850 $aSeMil 852 $aSeMil$W1$xVenegono$y1$m3F I 189$j75422$B75422$CSeMilBibl$Z2$F95012 $81 941 1 $a4 961 $aOmaggio: Martini Card. Carlo Maria 996 $6020$a88-7357-117-4$9(OLS)http://semarc/number/105403 996 $6245$aCredere per vivere in pienezza :$btemi di catechesi per adulti$9(OLS)http://semarc/title/176878 996 $6260$aRoma :$bAdP$9(OLS)http://semarc/publisher/32136